000 00610nam a22002297a 4500
003 UA-OsUOA
001 72542
007 ta
008 20110121b un ||||| |||| 00| 0 ukr d
090 _a821.161.1
_bМ94
942 _cBK
040 _aUA-OsUOA
_brus
_cUA-OsUOA
_dUA-OsUOA
245 _aМы. Женская проза русской эмиграции
300 _a624 с.
955 _a2
041 _arus
080 _a821.161.1
020 _a5-88812-145-2
260 _aСПб
_bРХГИ
_c2003
650 7 _a82 Література. Літературознавство
_2UDC
999 _c358832
_d358832